El otoño de la Edad Media (Record no. 81658)

MARC details
000 -LEADER
campo de control de longitud fija 00883nam a2200241 i 4500
001 - NÚMERO DE CONTROL
campo de control 81658
003 - IDENTIFICADOR DE NÚMERO DE CONTROL
campo de control ES-MaACL
005 - FECHA Y HORA DE LA ÚLTIMA TRANSACCIÓN
campo de control 20250702194159.0
007 - CAMPO FIJO DE DESCRIPCIÓN FÍSICA--INFORMACIÓN GENERAL
campo de control de longitud fija t|
008 - DATOS DE LONGITUD FIJA--INFORMACIÓN GENERAL
campo de control de longitud fija 041105s1930 sp a |||| | spa d
080 ## - NÚMERO DE LA CLASIFICACIÓN DECIMAL UNIVERSAL
Número de la Clasificación Decimal Universal 930.85(44)"13/14"
080 ## - NÚMERO DE LA CLASIFICACIÓN DECIMAL UNIVERSAL
Número de la Clasificación Decimal Universal 930.85(492/493)"13/14"
100 1# - ENTRADA PRINCIPAL--NOMBRE DE PERSONA
Nombre de persona Huizinga, Johan.
9 (RLIN) 64685
245 13 - MENCIÓN DEL TÍTULO
Título El otoño de la Edad Media
Resto del título : estudios sobre las formas de la vida y del espíritu durante los siglos XIV y XV en Francia y en los Países Bajos /
Mención de responsabilidad, etc. Johan Huizinga ; traducción de la edición alemana por José Gaos.
260 ## - PUBLICACIÓN, DISTRIBUCIÓN, ETC.
Lugar de publicación, distribución, etc. Madrid :
Nombre del editor, distribuidor, etc. Revista de Occidente,
Fecha de publicación, distribución, etc. [1930] (
Fabricante Galo Sáez)
300 ## - DESCRIPCIÓN FÍSICA
Extensión 2 v. :
Otras características físicas il. ;
Dimensiones 23 cm.
650 #4 - PUNTO DE ACCESO ADICIONAL DE MATERIA--TÉRMINO DE MATERIA
Término de materia o nombre geográfico como elemento de entrada Civilización medieval.
9 (RLIN) 146249
650 #4 - PUNTO DE ACCESO ADICIONAL DE MATERIA--TÉRMINO DE MATERIA
Término de materia o nombre geográfico como elemento de entrada
9 (RLIN) 241207
651 #4 - PUNTO DE ACCESO ADICIONAL DE MATERIA--NOMBRE GEOGRÁFICO
Nombre geográfico Países Bajos-
Subdivisión general Civilización.
9 (RLIN) 159817
700 1# - ENTRADA AGREGADA--NOMBRE PERSONAL
Nombre de persona Gaos, José.
9 (RLIN) 53902
852 ## - LOCALIZACIÓN
Ubicación ES-MaACL
Número de control de estantería A-3513-14
Holdings
Estatus retirado Estado de pérdida Estado de daño No para préstamo Biblioteca de origen Biblioteca actual Ubicación en estantería Fecha de adquisición Fuente de adquisición Total de préstamos Signatura topográfica completa Código de barras Visto por última vez Precio de reemplazo Tipo de ítem Koha
        Biblioteca del Ateneo de Madrid Biblioteca del Ateneo de Madrid Sala Pecera Planta 1 17/01/2008     A-3513-14 1085353 23/02/2023 23/02/2023 Libro impreso